Missing Word: Anti-War Songs Quiz Stats

 Plays Quiz Updated Aug 5, 2018

Score 0/18 Timer 02:00
0 Plays Today
Song title Missing word % Correct
Blowin' in the ____Wind
94.8%
____ in the USABorn
94.3%
Give _____ a ChancePeace
92.9%
All Quiet on the _____ FrontWestern
90.8%
Sunday ______ SundayBloody
90.5%
Fortunate ___Son
74.2%
_____ ShelterGimme
72%
________ in ArmsBrothers
62%
______ SoldierBuffalo
54.2%
Song title Missing word % Correct
In the ____ NowArmy
44.3%
Orange _____Crush
42.4%
War _____Pigs
37.6%
_____ on ParadeBulls
27.4%
_______ in CambodiaHoliday
19.7%
Child in _____Time
17.6%
Spanish _____Bombs
15.8%
I Ain't _______ AnymoreMarching
8.5%
______ to Shoot StrangersAfraid
8.1%

Today's Daily Dose

You're not logged in!

Compare scores with friends on all Sporcle quizzes.
OR
Log In

Sporcle TV

Today on Sporcle TV


Watch our educational content, quiz creation guides, and fun videos on Sporcle TV.

Show Comments

Extras

Top Quizzes Today


Score Distribution

Your Account Isn't Verified!

In order to create a playlist on Sporcle, you need to verify the email address you used during registration. Go to your Sporcle Settings to finish the process.

Report this User

Report this user for behavior that violates our Community Guidelines.

Details: